Теория языка. Фонетика: учебное пособие

Bibliografiset tiedot
Päätekijä: Райская Л. М. Лариса Матвеевна
Yhteisötekijä: Национальный исследовательский Томский политехнический университет (ТПУ) Институт международного образования и языковой коммуникации (ИМОЯК) Кафедра русского языка и литературы (РЯЛ)
Muut tekijät: Плотникова А. А. Анна Алексеевна, Щитова О. Г. Ольга Григорьевна
Yhteenveto:Заглавие с титульного экрана
Электронная версия печатной публикации
В пособии изложены теоретические основы фонетики русского языка и фонемного анализа слова, даны образцы анализа, предложены практические упражнения. Предназначено для аудиторной и внеаудиторной работы иностранных студентов-бакалавров, обучающихся по направлению "Лингвистика".
Режим доступа: из корпоративной сети ТПУ
Kieli:venäjä
Julkaistu: Томск, Изд-во ТПУ, 2014
Aiheet:
Linkit:http://www.lib.tpu.ru/fulltext2/m/2014/m468.pdf
Aineistotyyppi: Elektroninen Kirja
KOHA link:https://koha.lib.tpu.ru/cgi-bin/koha/opac-detail.pl?biblionumber=278579

MARC

LEADER 00000nlm0a2200000 4500
001 278579
005 20231227134523.0
035 |a (RuTPU)RU\TPU\book\301856 
035 |a RU\TPU\book\301842 
090 |a 278579 
100 |a 20141212d2014 m y0rusy50 ca 
101 0 |a rus 
102 |a RU 
105 |a a j 001zy 
135 |a drgn ---uucaa 
181 0 |a i  
182 0 |a b 
200 1 |a Теория языка. Фонетика  |e учебное пособие  |f Л. М. Райская, А. А. Плотникова, О. Г. Щитова  |g Национальный исследовательский Томский политехнический университет (ТПУ) 
203 |a Текст  |c электронный 
210 |a Томск  |c Изд-во ТПУ  |d 2014 
300 |a Заглавие с титульного экрана 
300 |a Электронная версия печатной публикации 
330 |a В пособии изложены теоретические основы фонетики русского языка и фонемного анализа слова, даны образцы анализа, предложены практические упражнения. Предназначено для аудиторной и внеаудиторной работы иностранных студентов-бакалавров, обучающихся по направлению "Лингвистика". 
333 |a Режим доступа: из корпоративной сети ТПУ 
337 |a Adobe Reader 
606 1 |a Русский язык  |x Фонетика  |2 stltpush  |3 (RuTPU)RU\TPU\subj\26385  |9 50325 
606 1 |a Русский язык  |x Учебные руководства и пособия для высшей школы  |2 stltpush  |3 (RuTPU)RU\TPU\subj\26398  |9 50338 
610 1 |a электронный ресурс 
610 1 |a учебные пособия 
610 1 |a труды учёных ТПУ 
610 1 |a языки 
610 1 |a фонетика 
610 1 |a теоретические основы 
610 1 |a русский язык 
610 1 |a фонемный анализ 
610 1 |a практические упражнения 
610 1 |a иностранные студенты 
610 1 |a лингвистика 
610 1 |a артикуляция 
610 1 |a акустика 
610 1 |a звуки 
610 1 |a фонемы 
610 1 |a орфоэпия 
610 1 |a литературное произношение 
686 |a Ш141.2-1  |2 rubbk 
686 |a Ш141.2-923  |2 rubbk 
700 1 |a Райская  |b Л. М.  |c доцент Томского политехнического университета, кандидат филологических наук  |c филолог  |f 1954-  |g Лариса Матвеевна  |3 (RuTPU)RU\TPU\pers\24604 
701 1 |a Плотникова  |b А. А.  |c лингвист  |c преподаватель Томского политехнического университета, кандидат филологических наук  |f 1986-  |g Анна Алексеевна  |3 (RuTPU)RU\TPU\pers\32370 
701 1 |a Щитова  |b О. Г.  |c филолог  |c профессор Томского политехнического университета, доктор филологических наук  |f 1957-  |g Ольга Григорьевна  |3 (RuTPU)RU\TPU\pers\29736  |9 14221 
712 0 2 |a Национальный исследовательский Томский политехнический университет (ТПУ)  |b Институт международного образования и языковой коммуникации (ИМОЯК)  |b Кафедра русского языка и литературы (РЯЛ)  |3 (RuTPU)RU\TPU\col\18974 
801 1 |a RU  |b 63413507  |c 20130422 
801 2 |a RU  |b 63413507  |c 20160617  |g RCR 
856 4 |u http://www.lib.tpu.ru/fulltext2/m/2014/m468.pdf 
942 |c CF